[Event "World Chess Olympiad 2018"]
[Site "Batumi"]
[Date "2018.10.01"]
[Round "7"]
[Board "3"]
[WhiteFideId "13500139"]
[White "Aleksandrov Aleksej"]
[BlackFideId "13302485"]
[Black "Melkumyan Hrant"]
[Result "1/2-1/2"]
[LiveChessVersion "1.4.8"]
[BlackElo "2660"]
[WhiteElo "2602"]

1. d4 {[%clk 1:30:57]} Nf6 {[%clk 1:30:49]} 2. c4 {[%clk 1:31:22]} e6
{[%clk 1:31:09]} 3. Nc3 {[%clk 1:31:36]} Bb4 {[%clk 1:31:29]} 4. e3
{[%clk 1:30:23]} O-O {[%clk 1:31:46]} 5. Bd2 {[%clk 1:27:07]} d5 {[%clk 1:31:51]}
6. Nf3 {[%clk 1:27:30]} Nbd7 {[%clk 1:31:55]} 7. Rc1 {[%clk 1:25:00]} Be7
{[%clk 1:28:43]} 8. Qc2 {[%clk 1:03:38]} a6 {[%clk 1:28:11]} 9. c5
{[%clk 0:55:08]} c6 {[%clk 1:21:01]} 10. Bd3 {[%clk 0:45:19]} Qc7
{[%clk 1:15:53]} 11. Na4 {[%clk 0:39:43]} e5 {[%clk 1:05:35]} 12. dxe5
{[%clk 0:33:14]} Nxe5 {[%clk 1:01:25]} 13. Nxe5 {[%clk 0:33:22]} Qxe5
{[%clk 1:01:45]} 14. O-O {[%clk 0:29:05]} Ne4 {[%clk 0:52:46]} 15. f4
{[%clk 0:28:08]} Qh5 {[%clk 0:26:41]} 16. Bxe4 {[%clk 0:27:43]} dxe4
{[%clk 0:27:05]} 17. Qxe4 {[%clk 0:28:01]} Re8 {[%clk 0:25:59]} 18. f5
{[%clk 0:23:38]} Bd7 {[%clk 0:25:24]} 19. Qc2 {[%clk 0:23:26]} Bf6
{[%clk 0:16:35]} 20. e4 {[%clk 0:17:47]} Qh4 {[%clk 0:11:50]} 21. Bf4
{[%clk 0:10:21]} g5 {[%clk 0:05:35]} 22. fxg6 {[%clk 0:10:39]} hxg6
{[%clk 0:05:51]} 23. Nb6 {[%clk 0:10:53]} Rad8 {[%clk 0:05:43]} 24. Bc7
{[%clk 0:08:19]} Be6 {[%clk 0:04:50]} 25. g3 {[%clk 0:06:42]} Qg5
{[%clk 0:03:54]} 26. Bxd8 {[%clk 0:05:44]} Rxd8 {[%clk 0:04:23]} 27. Rcd1
{[%clk 0:05:05]} Rd4 {[%clk 0:02:14]} 28. Kh1 {[%clk 0:03:31]} Qh5
{[%clk 0:00:58]} 29. Rxd4 {[%clk 0:01:13]} Bxd4 {[%clk 0:01:27]} 30. b4
{[%clk 0:01:35]} Bh3 {[%clk 0:01:15]} 31. Qd1 {[%clk 0:01:15]} Bxf1
{[%clk 0:00:58]} 32. Qxf1 {[%clk 0:01:41]} Qe5 {[%clk 0:00:41]} 33. Qd3
{[%clk 0:01:40]} Qf6 {[%clk 0:00:55]} 34. Kg2 {[%clk 0:01:37]} a5
{[%clk 0:00:37]} 35. a3 {[%clk 0:01:33]} Qf2+ {[%clk 0:00:55]} 36. Kh3
{[%clk 0:02:01]} axb4 {[%clk 0:01:13]} 37. axb4 {[%clk 0:02:30]} Qb2
{[%clk 0:00:42]} 38. Nc4 {[%clk 0:02:03]} Qc3 {[%clk 0:00:52]} 39. Qxc3
{[%clk 0:01:24]} Bxc3 {[%clk 0:01:18]} 40. Nd6 {[%clk 0:31:37]} Bxb4
{[%clk 0:31:29]} 41. Nxb7 {[%clk 0:32:01]} Kg7 {[%clk 0:24:38]} 42. Kg4
{[%clk 0:29:23]} Bc3 {[%clk 0:20:26]} 43. Kf4 {[%clk 0:23:55]} Bd4
{[%clk 0:15:13]} 44. e5 {[%clk 0:23:22]} Kf8 {[%clk 0:14:04]} 45. g4
{[%clk 0:11:52]} Ke7 {[%clk 0:12:57]} 46. Ke4 {[%clk 0:07:14]} Bf2
{[%clk 0:10:32]} 47. h3 {[%clk 0:03:44]} Be1 {[%clk 0:05:06]} 48. Ke3
{[%clk 0:01:36]} Bc3 {[%clk 0:05:07]} 49. Kf4 {[%clk 0:01:56]} Bd4
{[%clk 0:04:48]} 50. Ke4 {[%clk 0:01:50]} Bf2 {[%clk 0:05:08]} 51. Na5
{[%clk 0:02:12]} Bxc5 {[%clk 0:05:12]} 52. Nxc6+ {[%clk 0:02:41]} Kd7
{[%clk 0:03:10]} 53. Nd4 {[%clk 0:02:34]} Bxd4 {[%clk 0:02:17]} 54. Kxd4
{[%clk 0:02:42]} g5 {[%clk 0:02:44]} 55. Kd5 {[%clk 0:01:20]} Ke7
{[%clk 0:03:10]} 56. Kd4 {[%clk 0:01:12]} Kd7 {[%clk 0:03:34]} 57. Ke3
{[%clk 0:01:36]} Ke7 {[%clk 0:03:59]} 58. Kf3 {[%clk 0:01:36]} Kd7
{[%clk 0:04:20]} 59. Ke4 {[%clk 0:01:26]} Ke6 {[%clk 0:04:45]} 60. Kd4
{[%clk 0:01:52]} Ke7 {[%clk 0:05:09]} 1/2-1/2

[Event "World Chess Olympiad 2018"]
[Site "Batumi"]
[Date "2018.10.01"]
[Round "7"]
[Board "4"]
[WhiteFideId "13302507"]
[White "Hovhannisyan Robert"]
[BlackFideId "13500465"]
[Black "Fedorov Alexei"]
[Result "1-0"]
[LiveChessVersion "1.4.8"]
[BlackElo "2568"]
[WhiteElo "2621"]

1. e4 {[%clk 1:30:56]} c5 {[%clk 1:30:54]} 2. Nf3 {[%clk 1:31:18]} Nc6
{[%clk 1:31:14]} 3. d4 {[%clk 1:31:34]} cxd4 {[%clk 1:31:35]} 4. Nxd4
{[%clk 1:31:58]} e5 {[%clk 1:31:39]} 5. Nb5 {[%clk 1:32:14]} d6 {[%clk 1:32:00]}
6. N1c3 {[%clk 1:32:08]} a6 {[%clk 1:32:21]} 7. Na3 {[%clk 1:32:33]} Be7
{[%clk 1:32:29]} 8. Be3 {[%clk 1:32:03]} Nf6 {[%clk 1:29:07]} 9. Nc4
{[%clk 1:32:07]} b5 {[%clk 1:29:22]} 10. Nb6 {[%clk 1:32:11]} Rb8
{[%clk 1:29:45]} 11. Nxc8 {[%clk 1:32:25]} Qxc8 {[%clk 1:30:09]} 12. Bd3
{[%clk 1:32:38]} O-O {[%clk 1:26:45]} 13. O-O {[%clk 1:32:53]} Nb4
{[%clk 1:22:36]} 14. Bg5 {[%clk 1:26:11]} Nfd5 {[%clk 1:13:58]} 15. Nxd5
{[%clk 1:16:24]} Nxd5 {[%clk 1:14:16]} 16. Bd2 {[%clk 1:14:51]} Nf4
{[%clk 1:03:50]} 17. Qf3 {[%clk 1:15:02]} Ne6 {[%clk 0:59:13]} 18. c3
{[%clk 1:03:51]} Bg5 {[%clk 0:58:41]} 19. Be1 {[%clk 1:03:35]} a5
{[%clk 0:47:28]} 20. Rd1 {[%clk 1:02:18]} a4 {[%clk 0:45:09]} 21. a3
{[%clk 1:00:49]} Rb6 {[%clk 0:41:15]} 22. g3 {[%clk 0:59:18]} g6 {[%clk 0:37:45]}
23. Qe2 {[%clk 0:57:43]} Nc5 {[%clk 0:31:20]} 24. Bxb5 {[%clk 0:51:25]} Qb7
{[%clk 0:21:01]} 25. c4 {[%clk 0:51:36]} Nxe4 {[%clk 0:20:26]} 26. Ba5
{[%clk 0:48:19]} Nc5 {[%clk 0:12:24]} 27. Bxb6 {[%clk 0:43:57]} Qxb6
{[%clk 0:12:51]} 28. Rd5 {[%clk 0:43:49]} f5 {[%clk 0:11:20]} 29. Qc2
{[%clk 0:39:56]} e4 30. Bxa4 {[%clk 0:37:10]} e3 {[%clk 0:10:01]} 31. b4
{[%clk 0:34:35]} exf2+ {[%clk 0:07:52]} 32. Kg2 {[%clk 0:33:26]} Ne4
{[%clk 0:07:52]} 33. c5 {[%clk 0:32:05]} dxc5 {[%clk 0:06:00]} 34. bxc5
{[%clk 0:32:25]} Qf6 {[%clk 0:03:02]} 35. c6 {[%clk 0:25:03]} Nc3
{[%clk 0:02:47]} 36. Rd3 {[%clk 0:22:02]} Nxa4 {[%clk 0:03:04]} 37. Qxa4
{[%clk 0:22:12]} Rc8 {[%clk 0:02:39]} 38. Qc4+ {[%clk 0:21:10]} Kg7
{[%clk 0:02:01]} 39. h4 {[%clk 0:19:54]} Bh6 {[%clk 0:02:14]} 40. Rd7+
{[%clk 0:49:50]} Kh8 {[%clk 0:32:39]} 41. c7 {[%clk 0:49:30]} 1-0

[Event "World Chess Olympiad 2018"]
[Site "Batumi"]
[Date "2018.10.01"]
[Round "7"]
[Board "1"]
[WhiteFideId "5000017"]
[White "Anand Viswanathan"]
[BlackFideId "10601457"]
[Black "Amin Bassem"]
[Result "1/2-1/2"]
[LiveChessVersion "1.4.8"]
[BlackElo "2686"]
[WhiteElo "2771"]

1. e4 {[%clk 1:30:56]} e5 {[%clk 1:29:59]} 2. Nf3 {[%clk 1:31:12]} Nc6
{[%clk 1:30:24]} 3. Bb5 {[%clk 1:31:34]} a6 {[%clk 1:30:48]} 4. Ba4
{[%clk 1:31:56]} Nf6 {[%clk 1:31:10]} 5. O-O {[%clk 1:32:17]} Be7
{[%clk 1:31:27]} 6. Re1 {[%clk 1:32:34]} b5 {[%clk 1:31:50]} 7. Bb3
{[%clk 1:32:54]} d6 {[%clk 1:32:15]} 8. c3 {[%clk 1:33:12]} O-O {[%clk 1:32:37]}
9. h3 {[%clk 1:33:30]} Nb8 {[%clk 1:33:00]} 10. d4 {[%clk 1:33:46]} Nbd7
{[%clk 1:33:24]} 11. Nbd2 {[%clk 1:34:09]} Bb7 {[%clk 1:33:45]} 12. Bc2
{[%clk 1:34:30]} Re8 {[%clk 1:34:07]} 13. Nf1 {[%clk 1:34:53]} Bf8
{[%clk 1:34:32]} 14. Ng3 {[%clk 1:35:16]} g6 {[%clk 1:34:54]} 15. b3
{[%clk 1:35:36]} a5 {[%clk 1:34:14]} 16. a3 {[%clk 1:35:36]} d5 {[%clk 1:33:09]}
17. Bg5 {[%clk 1:30:29]} h6 {[%clk 1:33:31]} 18. Bxf6 {[%clk 1:27:35]} Qxf6
{[%clk 1:33:20]} 19. exd5 {[%clk 1:27:14]} exd4 {[%clk 1:28:37]} 20. Rxe8
{[%clk 1:16:29]} Rxe8 {[%clk 1:29:00]} 21. Nxd4 {[%clk 1:14:56]} b4
{[%clk 1:12:55]} 22. axb4 {[%clk 1:07:22]} axb4 {[%clk 1:13:18]} 23. Ne4
{[%clk 1:07:31]} Qb6 {[%clk 1:06:56]} 24. Nc6 {[%clk 1:03:16]} f5
{[%clk 0:40:00]} 25. Nd2 {[%clk 1:00:08]} Bxc6 {[%clk 0:39:57]} 26. Nc4
{[%clk 0:59:51]} Qc5 {[%clk 0:40:17]} 27. dxc6 {[%clk 0:59:54]} Qxc6
{[%clk 0:40:28]} 28. cxb4 {[%clk 0:59:43]} Bxb4 {[%clk 0:39:41]} 29. Qd3
{[%clk 0:57:55]} Ne5 {[%clk 0:37:08]} 30. Nxe5 {[%clk 0:55:58]} Rxe5
{[%clk 0:36:59]} 31. Rd1 {[%clk 0:55:28]} Bd6 {[%clk 0:36:17]} 32. Qd2
{[%clk 0:55:47]} Kh7 {[%clk 0:34:01]} 33. Bd3 {[%clk 0:56:07]} Qd5
{[%clk 0:33:16]} 34. Qc2 {[%clk 0:56:26]} Re7 {[%clk 0:30:16]} 35. Qc3
{[%clk 0:55:44]} Qe5 {[%clk 0:30:20]} 1/2-1/2

[Event "World Chess Olympiad 2018"]
[Site "Batumi"]
[Date "2018.10.01"]
[Round "7"]
[Board "2"]
[WhiteFideId "10601619"]
[White "Adly Ahmed"]
[BlackFideId "5007003"]
[Black "Harikrishna Pentala"]
[Result "0-1"]
[LiveChessVersion "1.4.8"]
[BlackElo "2743"]
[WhiteElo "2620"]

1. d4 {[%clk 1:30:55]} Nf6 {[%clk 1:30:52]} 2. Nf3 {[%clk 1:31:23]} d5
{[%clk 1:30:46]} 3. g3 {[%clk 1:31:39]} c5 {[%clk 1:30:30]} 4. Bg2
{[%clk 1:31:55]} Nc6 {[%clk 1:30:15]} 5. O-O {[%clk 1:32:06]} e6 {[%clk 1:30:37]}
6. c4 {[%clk 1:32:24]} dxc4 {[%clk 1:29:44]} 7. Ne5 {[%clk 1:32:52]} Bd7
{[%clk 1:28:41]} 8. Na3 {[%clk 1:33:19]} cxd4 {[%clk 1:27:08]} 9. Naxc4
{[%clk 1:33:46]} Be7 {[%clk 1:25:17]} 10. Qb3 {[%clk 1:32:50]} Qc7
{[%clk 1:16:47]} 11. Bf4 {[%clk 1:15:50]} Nh5 {[%clk 1:11:56]} 12. Nxc6
{[%clk 1:09:10]} Nxf4 {[%clk 1:12:20]} 13. Nxe7 {[%clk 1:09:12]} Nxg2
{[%clk 1:12:44]} 14. Qb4 {[%clk 1:04:37]} a5 {[%clk 1:08:39]} 15. Nd5
{[%clk 0:49:30]} exd5 {[%clk 1:08:02]} 16. Nd6+ {[%clk 0:49:58]} Kf8
{[%clk 1:06:57]} 17. Qa3 {[%clk 0:48:01]} Kg8 {[%clk 1:05:52]} 18. Rac1
{[%clk 0:45:05]} Qb6 {[%clk 1:02:18]} 19. Qc5 {[%clk 0:40:01]} Qxc5
{[%clk 1:01:25]} 20. Rxc5 {[%clk 0:40:29]} Bh3 {[%clk 1:00:27]} 21. Rfc1
{[%clk 0:40:09]} h5 {[%clk 0:59:05]} 22. Rxd5 {[%clk 0:32:28]} Rd8
{[%clk 0:47:26]} 23. Rxd4 {[%clk 0:29:14]} Rh6 {[%clk 0:43:04]} 24. Nf5
{[%clk 0:29:01]} Rxd4 {[%clk 0:43:21]} 25. Nxd4 {[%clk 0:29:28]} Rd6
{[%clk 0:42:42]} 26. e3 {[%clk 0:24:24]} b6 {[%clk 0:39:21]} 27. b3
{[%clk 0:12:06]} Rd5 {[%clk 0:35:09]} 28. Kh1 {[%clk 0:12:34]} f6
{[%clk 0:34:22]} 29. a4 {[%clk 0:02:50]} Rc5 {[%clk 0:26:43]} 30. Rg1
{[%clk 0:03:16]} g5 {[%clk 0:20:21]} 31. Rd1 {[%clk 0:02:51]} Rc3 32. Kg1 Kf7
{[%clk 0:18:17]} 33. Kh1 {[%clk 0:03:42]} h4 {[%clk 0:15:46]} 34. Rb1
{[%clk 0:01:48]} hxg3 {[%clk 0:10:04]} 35. hxg3 {[%clk 0:02:13]} Nxe3
{[%clk 0:10:29]} 36. fxe3 {[%clk 0:02:30]} Rxe3 {[%clk 0:10:54]} 37. Kh2
{[%clk 0:00:48]} Bg4 {[%clk 0:09:00]} 38. Rb2 {[%clk 0:00:40]} Rd3
{[%clk 0:08:38]} 39. Nb5 {[%clk 0:01:09]} Bd1 {[%clk 0:06:23]} 40. b4
{[%clk 0:31:17]} Bxa4 {[%clk 0:36:38]} 41. bxa5 {[%clk 0:31:05]} bxa5
{[%clk 0:37:01]} 42. Nc7 {[%clk 0:30:57]} Bb3 {[%clk 0:36:58]} 0-1

[Event "World Chess Olympiad 2018"]
[Site "Batumi"]
[Date "2018.10.01"]
[Round "7"]
[Board "3"]
[WhiteFideId "5029465"]
[White "Vidit Santosh Gujrathi"]
[BlackFideId "10613129"]
[Black "Fawzy Adham"]
[Result "0-1"]
[LiveChessVersion "1.4.8"]
[BlackElo "2431"]
[WhiteElo "2711"]

1. d4 {[%clk 1:30:56]} Nf6 {[%clk 1:30:52]} 2. c4 {[%clk 1:31:12]} e6
{[%clk 1:31:16]} 3. Nf3 {[%clk 1:31:18]} d5 {[%clk 1:31:40]} 4. e3
{[%clk 1:25:27]} c5 {[%clk 1:29:48]} 5. a3 {[%clk 1:21:17]} Nc6 {[%clk 1:24:18]}
6. dxc5 {[%clk 1:15:17]} dxc4 {[%clk 1:21:47]} 7. Qxd8+ {[%clk 1:14:09]} Kxd8
{[%clk 1:19:50]} 8. Bxc4 {[%clk 1:14:25]} Bxc5 {[%clk 1:20:12]} 9. b4
{[%clk 1:14:49]} Bd6 {[%clk 1:19:50]} 10. Bb2 {[%clk 1:15:11]} Ke7
{[%clk 1:18:02]} 11. Nbd2 {[%clk 1:15:16]} Rd8 {[%clk 1:12:38]} 12. Rc1
{[%clk 1:12:19]} Bd7 {[%clk 1:09:45]} 13. Ke2 {[%clk 1:08:21]} Rac8
{[%clk 1:05:54]} 14. Bd3 {[%clk 1:05:16]} a6 {[%clk 0:55:55]} 15. Rhg1
{[%clk 0:52:42]} h6 {[%clk 0:45:29]} 16. g4 {[%clk 0:50:52]} g5 {[%clk 0:45:13]}
17. h3 {[%clk 0:50:51]} Be8 {[%clk 0:43:39]} 18. Rgd1 {[%clk 0:40:00]} Na7
{[%clk 0:39:09]} 19. Nc4 {[%clk 0:31:29]} Ba4 {[%clk 0:35:40]} 20. Rg1
{[%clk 0:30:17]} Bb5 {[%clk 0:31:46]} 21. Nd4 {[%clk 0:26:48]} Bxc4
{[%clk 0:31:26]} 22. Bxc4 {[%clk 0:27:10]} Bh2 {[%clk 0:30:13]} 23. Rgd1
{[%clk 0:26:07]} Be5 {[%clk 0:29:51]} 24. Bd3 {[%clk 0:24:11]} Nd7
{[%clk 0:24:50]} 25. Be4 {[%clk 0:23:58]} Rb8 {[%clk 0:24:58]} 26. Rd2
{[%clk 0:20:23]} f6 {[%clk 0:22:48]} 27. h4 {[%clk 0:13:44]} gxh4
{[%clk 0:19:17]} 28. Rh1 {[%clk 0:12:03]} Nb6 {[%clk 0:17:54]} 29. f4
{[%clk 0:10:58]} Nc4 {[%clk 0:16:37]} 30. Rc2 {[%clk 0:10:45]} Nxb2
{[%clk 0:16:55]} 31. fxe5 {[%clk 0:11:13]} fxe5 {[%clk 0:17:24]} 32. Nf3
{[%clk 0:08:57]} Na4 {[%clk 0:17:52]} 33. Rc7+ {[%clk 0:05:04]} Kd6
{[%clk 0:17:13]} 34. Rh7 {[%clk 0:05:09]} Nc3+ {[%clk 0:16:32]} 35. Kd3
{[%clk 0:05:37]} Nab5 {[%clk 0:16:52]} 36. Nxh4 {[%clk 0:04:17]} Nxe4
{[%clk 0:15:58]} 37. Kxe4 {[%clk 0:04:40]} Nc3+ {[%clk 0:15:51]} 38. Kd3
{[%clk 0:02:11]} Rbc8 {[%clk 0:16:21]} 39. e4 {[%clk 0:01:02]} Nb5
{[%clk 0:15:08]} 40. Nf3 {[%clk 0:30:44]} Rf8 {[%clk 0:43:46]} 41. Rd1
{[%clk 0:22:02]} Rxf3+ {[%clk 0:38:19]} 42. Ke2+ {[%clk 0:22:31]} Nd4+
{[%clk 0:38:48]} 43. Rxd4+ {[%clk 0:22:59]} exd4 {[%clk 0:39:16]} 44. Kxf3
{[%clk 0:23:27]} Rc3+ {[%clk 0:39:20]} 45. Kf4 {[%clk 0:18:51]} e5+
{[%clk 0:28:08]} 46. Kf5 {[%clk 0:19:14]} Rh3 {[%clk 0:27:54]} 47. Kg6
{[%clk 0:12:27]} Rh4 {[%clk 0:24:22]} 48. Kf5 {[%clk 0:12:50]} Rh1
{[%clk 0:23:31]} 49. Rh8 {[%clk 0:12:39]} Rf1+ {[%clk 0:23:12]} 50. Kg6
{[%clk 0:13:08]} Ke7 {[%clk 0:23:25]} 51. Rh7+ {[%clk 0:11:15]} Ke6
{[%clk 0:20:22]} 52. Rh8 {[%clk 0:10:59]} Rf4 {[%clk 0:18:33]} 53. Kh5
{[%clk 0:09:04]} Rxe4 {[%clk 0:18:18]} 54. Rxh6+ {[%clk 0:09:29]} Kd5
{[%clk 0:18:27]} 55. Rh8 {[%clk 0:08:49]} d3 {[%clk 0:18:16]} 56. g5
{[%clk 0:08:04]} Rd4 {[%clk 0:18:02]} 0-1

[Event "World Chess Olympiad 2018"]
[Site "Batumi"]
[Date "2018.10.01"]
[Round "7"]
[Board "4"]
[WhiteFideId "10600183"]
[White "Hesham Abdelrahman"]
[BlackFideId "5004985"]
[Black "Sasikiran Krishnan"]
[Result "0-1"]
[LiveChessVersion "1.4.8"]
[BlackElo "2672"]
[WhiteElo "2408"]

1. Nf3 {[%clk 1:30:56]} g6 {[%clk 1:28:01]} 2. c4 {[%clk 1:29:10]} Bg7
{[%clk 1:27:24]} 3. Nc3 {[%clk 1:28:20]} c5 {[%clk 1:24:07]} 4. g3
{[%clk 1:23:04]} Nc6 {[%clk 1:22:05]} 5. Bg2 {[%clk 1:23:15]} d6 {[%clk 1:21:03]}
6. d3 {[%clk 1:18:55]} e6 {[%clk 1:14:48]} 7. O-O {[%clk 1:12:20]} Nge7
{[%clk 1:12:58]} 8. Bg5 {[%clk 1:06:48]} h6 {[%clk 1:10:27]} 9. Bd2
{[%clk 1:04:15]} b6 {[%clk 1:07:11]} 10. Qc1 {[%clk 0:55:16]} Bb7
{[%clk 0:53:18]} 11. Rb1 {[%clk 0:54:03]} d5 {[%clk 0:44:15]} 12. a3
{[%clk 0:45:23]} d4 {[%clk 0:37:50]} 13. Na4 {[%clk 0:43:24]} Nb8
{[%clk 0:29:24]} 14. b4 {[%clk 0:40:20]} Bc6 {[%clk 0:26:04]} 15. Ne1
{[%clk 0:35:52]} Qd7 {[%clk 0:23:30]} 16. Bxc6 {[%clk 0:35:12]} Qxc6
{[%clk 0:23:40]} 17. Qc2 {[%clk 0:33:15]} Nd7 {[%clk 0:21:37]} 18. bxc5
{[%clk 0:32:11]} bxc5 {[%clk 0:20:40]} 19. Rb5 {[%clk 0:32:05]} a6
{[%clk 0:16:53]} 20. Rb2 {[%clk 0:32:09]} O-O {[%clk 0:15:27]} 21. Nf3
{[%clk 0:30:55]} Rab8 {[%clk 0:12:54]} 22. Rfb1 {[%clk 0:23:53]} Rxb2
{[%clk 0:13:12]} 23. Rxb2 {[%clk 0:22:46]} e5 {[%clk 0:11:58]} 24. Ba5
{[%clk 0:22:38]} Nc8 {[%clk 0:11:28]} 25. Nd2 {[%clk 0:21:22]} f5
{[%clk 0:10:59]} 26. Rb1 {[%clk 0:19:29]} Re8 {[%clk 0:08:13]} 27. f3
{[%clk 0:12:09]} h5 {[%clk 0:07:52]} 28. Nb2 {[%clk 0:11:29]} Bh6
{[%clk 0:06:54]} 29. Qa4 {[%clk 0:10:49]} Ne7 {[%clk 0:06:23]} 30. Nb3
{[%clk 0:09:14]} Rb8 {[%clk 0:05:38]} 31. Be1 {[%clk 0:06:44]} e4
{[%clk 0:03:38]} 32. f4 {[%clk 0:00:57]} g5 {[%clk 0:03:59]} 33. fxg5
{[%clk 0:00:35]} Bxg5 {[%clk 0:04:21]} 34. Qxc6 {[%clk 0:00:34]} Nxc6
{[%clk 0:04:43]} 35. Na4 {[%clk 0:00:50]} exd3 {[%clk 0:03:26]} 36. exd3
{[%clk 0:01:18]} Nce5 {[%clk 0:03:46]} 37. Kg2 {[%clk 0:01:01]} Nxd3
{[%clk 0:03:08]} 38. Bd2 {[%clk 0:01:10]} Bxd2 {[%clk 0:01:50]} 39. Nxd2
{[%clk 0:01:38]} Re8 {[%clk 0:02:01]} 40. Nf3 {[%clk 0:30:32]} Re2+
{[%clk 0:31:40]} 41. Kh3 {[%clk 0:28:19]} Rf2 {[%clk 0:19:35]} 42. Rb7
{[%clk 0:19:04]} Nf6 {[%clk 0:14:56]} 43. Rb8+ {[%clk 0:12:32]} Kg7
{[%clk 0:12:54]} 44. Rb7+ {[%clk 0:12:58]} Kh6 {[%clk 0:12:49]} 45. Nh4
{[%clk 0:13:04]} Ng4 {[%clk 0:06:33]} 46. Rb6+ {[%clk 0:12:54]} Kg7
{[%clk 0:06:34]} 47. Rb7+ {[%clk 0:13:11]} Kf6 {[%clk 0:06:51]} 48. Rb6+
{[%clk 0:13:33]} Kf7 {[%clk 0:07:13]} 49. Rb7+ {[%clk 0:13:50]} Ke8
{[%clk 0:06:50]} 50. Ng2 {[%clk 0:12:38]} Ne1 {[%clk 0:06:11]} 51. Nxc5
{[%clk 0:10:30]} Nxg2 {[%clk 0:05:12]} 52. Nd3 {[%clk 0:09:54]} Rd2
{[%clk 0:04:51]} 53. Nb4 {[%clk 0:10:16]} d3 {[%clk 0:03:53]} 54. c5
{[%clk 0:10:18]} Nf4+ {[%clk 0:02:58]} 55. Kh4 {[%clk 0:09:56]} Rxh2+
{[%clk 0:03:12]} 56. Kg5 {[%clk 0:10:22]} Ne6+ {[%clk 0:03:31]} 0-1

[Event "World Chess Olympiad 2018"]
[Site "Batumi"]
[Date "2018.10.01"]
[Round "7"]
[Board "2"]
[WhiteFideId "605506"]
[White "Bacrot Etienne"]
[BlackFideId "719978"]
[Black "Erdos Viktor"]
[Result "1/2-1/2"]
[LiveChessVersion "1.4.8"]
[BlackElo "2609"]
[WhiteElo "2678"]

1. e4 {[%clk 1:30:57]} e5 {[%clk 1:30:43]} 2. Nf3 {[%clk 1:31:22]} Nc6
{[%clk 1:31:08]} 3. Bc4 {[%clk 1:31:49]} Bc5 {[%clk 1:31:30]} 4. c3
{[%clk 1:32:15]} Nf6 {[%clk 1:31:50]} 5. d3 {[%clk 1:32:41]} O-O {[%clk 1:31:30]}
6. O-O {[%clk 1:33:04]} d5 {[%clk 1:31:37]} 7. exd5 {[%clk 1:33:26]} Nxd5
{[%clk 1:32:03]} 8. a4 {[%clk 1:33:18]} Nb6 {[%clk 1:31:58]} 9. Bb5
{[%clk 1:30:40]} Ne7 {[%clk 1:31:53]} 10. a5 {[%clk 1:30:13]} c6 {[%clk 1:31:55]}
11. axb6 {[%clk 1:30:32]} cxb5 {[%clk 1:32:17]} 12. Rxa7 {[%clk 1:26:50]} Rxa7
{[%clk 1:32:04]} 13. bxa7 {[%clk 1:27:14]} Bxa7 {[%clk 1:32:26]} 14. Nxe5
{[%clk 1:26:03]} Bf5 {[%clk 1:32:43]} 15. Na3 {[%clk 1:25:04]} b4
{[%clk 1:33:03]} 16. cxb4 {[%clk 1:23:30]} Bb8 {[%clk 1:33:20]} 17. d4
{[%clk 1:22:58]} Qd5 {[%clk 1:22:10]} 18. Re1 {[%clk 1:16:23]} Rd8
{[%clk 1:15:47]} 19. Nf3 {[%clk 1:11:01]} Nc6 {[%clk 0:54:01]} 20. b5
{[%clk 1:03:06]} Nb4 {[%clk 0:53:46]} 21. Qe2 {[%clk 1:03:23]} Bd6
{[%clk 0:46:49]} 22. Qc4 {[%clk 0:59:21]} Rc8 {[%clk 0:21:38]} 23. Qxd5
{[%clk 0:55:12]} Nxd5 {[%clk 0:22:05]} 24. Bd2 {[%clk 0:45:10]} f6
{[%clk 0:22:19]} 25. h3 {[%clk 0:44:13]} Bd3 {[%clk 0:15:48]} 26. Ra1
{[%clk 0:40:06]} Bxa3 {[%clk 0:11:59]} 27. Rxa3 {[%clk 0:36:10]} Bxb5
{[%clk 0:12:26]} 28. Ra5 {[%clk 0:36:33]} Bc6 {[%clk 0:12:35]} 29. Nh2
{[%clk 0:33:44]} Re8 {[%clk 0:12:32]} 30. Nf1 {[%clk 0:33:19]} Rd8
{[%clk 0:05:44]} 31. Ng3 {[%clk 0:29:46]} Kf7 {[%clk 0:05:56]} 32. Ne2
{[%clk 0:28:18]} Nc7 {[%clk 0:05:35]} 33. Be3 {[%clk 0:27:17]} Ra8
{[%clk 0:02:55]} 34. Rc5 {[%clk 0:26:44]} Rd8 {[%clk 0:02:29]} 35. Rc1
{[%clk 0:24:18]} Ne6 {[%clk 0:02:14]} 36. f3 {[%clk 0:23:57]} Nc7
{[%clk 0:02:12]} 37. Kf2 {[%clk 0:23:29]} Nd5 {[%clk 0:02:37]} 38. Bd2
{[%clk 0:23:46]} Ra8 {[%clk 0:02:23]} 39. Nc3 {[%clk 0:21:38]} Nb4
{[%clk 0:01:55]} 40. Ke2 {[%clk 0:48:46]} Re8+ {[%clk 0:31:31]} 41. Be3
{[%clk 0:49:07]} g5 {[%clk 0:19:45]} 42. Kd2 {[%clk 0:48:59]} h5 {[%clk 0:20:12]}
43. Bf2 {[%clk 0:46:40]} Kg6 {[%clk 0:19:57]} 44. Ra1 {[%clk 0:45:14]} Nd5
{[%clk 0:15:02]} 45. Nxd5 {[%clk 0:44:26]} 1/2-1/2

[Event "World Chess Olympiad 2018"]
[Site "Batumi"]
[Date "2018.10.01"]
[Round "7"]
[Board "3"]
[WhiteFideId "702293"]
[White "Almasi Zoltan"]
[BlackFideId "608742"]
[Black "Fressinet Laurent"]
[Result "1/2-1/2"]
[LiveChessVersion "1.4.8"]
[BlackElo "2649"]
[WhiteElo "2702"]

1. e4 {[%clk 1:30:55]} e5 {[%clk 1:30:55]} 2. Nf3 {[%clk 1:31:17]} Nc6
{[%clk 1:31:21]} 3. Bb5 {[%clk 1:31:40]} a6 {[%clk 1:31:44]} 4. Ba4
{[%clk 1:32:01]} Nf6 {[%clk 1:32:09]} 5. O-O {[%clk 1:32:23]} Bc5
{[%clk 1:32:29]} 6. Bxc6 {[%clk 1:20:27]} dxc6 {[%clk 1:32:29]} 7. d3
{[%clk 1:20:53]} Qe7 {[%clk 1:29:58]} 8. Nbd2 {[%clk 1:17:57]} Bg4
{[%clk 1:27:48]} 9. Nc4 {[%clk 0:49:36]} Nd7 {[%clk 1:23:43]} 10. h3
{[%clk 0:47:52]} Bh5 {[%clk 1:22:38]} 11. Be3 {[%clk 0:39:34]} f6
{[%clk 1:10:05]} 12. Qe2 {[%clk 0:39:37]} g5 {[%clk 0:56:12]} 13. Bxc5
{[%clk 0:37:56]} Nxc5 {[%clk 0:53:29]} 14. Ne3 {[%clk 0:38:18]} Ne6
{[%clk 0:50:48]} 15. Nf5 {[%clk 0:38:35]} Qd7 {[%clk 0:49:36]} 16. Qe3
{[%clk 0:32:36]} c5 {[%clk 0:45:45]} 17. Rab1 {[%clk 0:30:17]} Nd4
{[%clk 0:38:23]} 18. Nxe5 {[%clk 0:18:11]} fxe5 {[%clk 0:35:03]} 19. Qxg5
{[%clk 0:18:23]} Bg6 {[%clk 0:30:38]} 20. Qf6 {[%clk 0:18:30]} Rg8
{[%clk 0:28:52]} 21. Qxe5+ {[%clk 0:18:51]} Ne6 {[%clk 0:27:48]} 22. Ne3
{[%clk 0:11:29]} O-O-O {[%clk 0:26:07]} 23. f4 {[%clk 0:09:40]} Nd4
{[%clk 0:25:31]} 24. f5 {[%clk 0:09:09]} Bh5 {[%clk 0:22:52]} 25. Kh2
{[%clk 0:06:37]} b6 {[%clk 0:13:28]} 26. Rf2 {[%clk 0:06:43]} Rde8
{[%clk 0:11:30]} 27. Qd5 {[%clk 0:05:08]} Qg7 {[%clk 0:11:07]} 28. Qa8+
{[%clk 0:05:34]} Kd7 {[%clk 0:11:36]} 29. Qd5+ {[%clk 0:06:01]} Kc8
{[%clk 0:12:02]} 30. Qa8+ {[%clk 0:04:45]} Kd7 {[%clk 0:12:26]} 31. Qd5+
{[%clk 0:05:14]} 1/2-1/2